header

American Indian health (Record no. 10245)

MARC details
000 -LEADER
fixed length control field 01305nam a2200313Ia 4500
245 00 - TITLE STATEMENT
Title American Indian health
260 ## - PUBLICATION, DISTRIBUTION, ETC. (IMPRINT)
Place of publication Baltimore, Md. ;
-- London :
Name of publisher Johns Hopkins University Press,
Year of publication 2000.
300 ## - PHYSICAL DESCRIPTION
Number of Pages xxvi, 487 p.
500 ## - GENERAL NOTE
General note Includes index.
650 #0 - SUBJECT ADDED ENTRY--TOPICAL TERM
Topical Term Indians of North America
Topical Term Indians of North America
700 1# - ADDED ENTRY--PERSONAL NAME
Personal name Rhoades, Everett R.
856 40 - ELECTRONIC LOCATION AND ACCESS
Uniform Resource Identifier http://site.ebrary.com/lib/rucke/Doc?id=10021528

No items available.

© 2026 Rongo University
Contact us: librarian | system librarian | Rongo university